00572 a2200169 4500003000400000005001700004008004100021020001700062040000900079082001500088100003800103245007000141300001000211942003600221952012800257999001700385OSt20240823121308.0231019b |||||||| |||| 00| 0 eng d a956266133301 coclc a297bPAT/I aPathiramanna, Muneer Hudawi99767 aIBN ATHAILLAYUDE THATHWOPADESHANGAL /cMuneer Hudawi Pathiramanna a248 p 2ddccBKh297iPAT/Ik297mPAT/I 00102ddc40708ISLAMaMESbMEScARBd2023-10-19l0o297 PAT/Ip42869r2023-10-19 13:01:08v250.00w2023-10-19yREFzU16R2 c42637d42637